000
00260nam a2200097Ia 4500
001
1212198
005
20250827024450.0
008
250824s9999 xx 000 0 und d
245
0
_a
AHMET HAŞİM
_c
YAKUP KADRİ KARAOSMANOĞLU
260
_b
İLETİŞİM YAYINLARI
999
_c
1212198
_d
1212198